01249nam a2200241Ia 450000100060000000300090000600800410001504000130005604000130006904100130008210000280009510000290012324500620015224500620021425000110027626000140028726000170030126000490031830000570036750005250042465000270094965000310097686537IT-RoPAU130308s9999 xx 000 0 und d aIT-RoPAU cIT-RoPAU aSPAGNOLO aGonzalez I Monge Ferran gCodice Aut. SPICS: 30794 aEn el dial de mi pupitre-Las ondas, herramienta educativa bEn El Dial de Mi Pupitre-Las Ondas, herramienta Educativa a1a ed. aBARCELONA bGustavo Gili c1989 [1° Ed.:1989 - Ed.Ling.Originale:1989] a"192 p. (prefazione: no ; testo: 192 [pagine: 0-0])" aFenomeno Fisico della Radiodiffusione Sonoro Onde Elettromagnetiche Trasmissione radiofonica Infrastruttura di una Emittente Come Costruire una Emittente Tipi di Programmi: informativo Drammatico Musicale Culturale D'Intrattenimento propagandistico Dottrinale Benefico Infantile Giovanile femminile Tecniche per la Confezione di un programma Fonti Informative Criteri di selezione Copione Linguaggio voce Musica Effetti Speciali montaggio Trasmissione Profitto Didattico Esercizi Teorici e pratici Glossario Bibliografia aLINGUAGGIO RADIOFONICO eCodice materia Spics: 6904